00313nam a2200133Ia 4500008004100000041000800041082001600049100001500065245003400080250001400114260002000128300002400148365000700172240624s9999 xx 000 0 und d aeng a378.242 BUE aBUI YVONNE aHOW TO WRITE A MASTERS THESIS a(2nd ed.) aNew DelhibSage a313 : p. : cm. ; 22 cRS